000 00451nam a2200181Ia 4500
001 21160
005 20260306172858.0
008 260306t2006||||xx |||||||||||||| ||spa||
041 _aESP
082 _a344E
_bB81
100 _aBramont Arias Torres, Luis Alberto
_eAUT
245 0 _aManual de derecho penal:
_bparte especial
260 _c2006
300 _a738 páginas :
_c24 cm.
650 _aGEN
654 _aCDE
942 _cLIB
_dJUS
_fJUS
_2ddc
_n
999 _c21160
_d21160